01081nab a2200289uuc4500001000800000005001700008008004100025035001200066035002100078040001300099041000800112100005000120245007300170260001000243650004900253650003300302650002600335650004200361700004900403700004600452700004800498700004700546700005000593773011900643942001000762999001900772103955320240809090824.0070801s2007 spa  a1039553 a(OCoLC)820211755 ccomduadb aspa10aGutierrez Ramirez, Sixto F.4auteaut959490210aHumo de tabaco ambiental y neumonias en niños de Monterrey, Mexico c2007. aEnfermedades respiratorias en niños925941 aNeumonía en niños925940 aHumo de tabaco960230 7aContaminación del aire2dcs910993310aMolinas Salinas, Gloria M.4auteaut943614110aGarcia Guerra, Jaime F.4auteaut943614210aVargas Villarreal, Javier4auteaut943614310aMata Cardenas, Benito D.4auteaut959490310aGonzalez Salazar, Francisco4auteaut94361440 tRevista de Salud Pública (Bogotá)gVolumen 09, Número 01, Enero-Marzo 2007, 76-85w602698x0124-00640156183 cARIMP c420541d420541